[Event "37th Reykjavik op"]
[Site "Reykjavik ISL"]
[Date "2024.03.17"]
[Round "4.26"]
[White "Mannion, Stephen"]
[Black "Omarsson, Josef"]
[WhiteElo "2166"]
[BlackElo "1803"]
[Result "1-0"]
[EventDate "2024.03.15"]
[PlyCount "79"]

1. e4 {[%eval 13,0]} c5 {[%eval 33,0]} 2. Nf3 {[%eval 22,0]} Nc6 {[%eval 31,0]}
3. d4 {[%eval 33,0]} cxd4 {[%eval 38,0]} 4. Nxd4 {[%eval 0,0]} Nf6 {[%eval 36,
0]} 5. Nc3 {[%eval 3,0]} e5 {[%eval 13,0]} 6. Ndb5 {[%eval 38,0]} d6 {[%eval
21,0]} 7. Nd5 {[%eval 29,0]} Nxd5 {[%eval 38,0]} 8. exd5 {[%eval 28,0]} Nb8 {
[%eval 26,0]} 9. a4 {[%eval 28,0]} Be7 {[%eval 3,0]} 10. Bd2 {[%eval 28,0]} O-O
{[%eval 36,0]} 11. Be2 {[%eval 31,0]} f5 {[%eval 38,0]} 12. a5 {[%eval 38,0]}
a6 {[%eval 62,0]} 13. Na3 {[%eval 55,0]} f4 {[%eval 53,0]} 14. Nc4 {[%eval 63,
0]} Nd7 {[%eval 56,0]} 15. O-O {[%eval 56,0]} Nf6 {[%eval 71,0]} 16. Nb6 {
[%eval 64,0]} Rb8 {[%eval 56,0]} 17. c4 {[%eval 49,0]} Bf5 {[%eval 44,0]} 18.
b4 $6 {[%eval 43,0] Inaccuracy. f3 was best.} (18. f3 Nd7) 18... Qe8 {[%eval
25,0]} 19. Rc1 {[%eval 56,0]} Ne4 $2 {[%eval 9,0] Mistake. Qg6 was best.} (
19... Qg6 20. Kh1) 20. f3 {[%eval 152,0]} Nxd2 {[%eval 153,0]} 21. Qxd2 {
[%eval 166,0]} Qh5 {[%eval 226,0]} 22. Bd3 {[%eval 184,0]} Bd8 {[%eval 203,0]}
23. c5 {[%eval 199,0]} Bxb6 {[%eval 225,0]} 24. axb6 {[%eval 215,0]} Bxd3 {
[%eval 221,0]} 25. Qxd3 {[%eval 203,0]} Rfd8 {[%eval 233,0]} 26. Rfd1 {[%eval
219,0]} Qf7 {[%eval 214,0]} 27. Qe4 {[%eval 201,0]} Qe7 {[%eval 224,0]} 28. Rc2
{[%eval 215,0]} Rdc8 {[%eval 206,0]} 29. Rdc1 {[%eval 257,0]} Qd8 {[%eval 248,
0]} 30. h3 {[%eval 255,0]} Ra8 $6 {[%eval 358,0] Inaccuracy. h6 was best.} (
30... h6 31. Qf5 Qf8 32. Qg6 Rd8 33. c6 bxc6 34. dxc6 Rxb6 35. c7 Rc8 36. Qe6+
Kh7 37. Rc6) 31. Kh2 {[%eval 356,0]} a5 $6 {[%eval 501,0] Inaccuracy. h6 was
best.} (31... h6 32. Qf5 Qf8 33. Qe6+ Kh7 34. c6 Rab8 35. c7 Ra8 36. Qd7 h5 37.
Kh1 Re8 38. c8=Q) 32. bxa5 {[%eval 487,0]} Rxa5 {[%eval 507,0]} 33. cxd6 {
[%eval 605,0]} Rxc2 {[%eval 579,0]} 34. Qxc2 {[%eval 506,0]} Qxd6 $6 {[%eval
955,0] Inaccuracy. g6 was best.} (34... g6 35. Qc7 Ra8 36. Qxb7 e4 37. Rc7 Qf8
38. Rg7+ Kh8 39. Rf7 exf3 40. Rxf8+ Rxf8 41. Qe7) 35. Qc8+ {[%eval 814,0]} Kf7
$2 {[%eval 32710,0] Checkmate is now unavoidable. Qf8 was best.} (35... Qf8 36.
Qe6+ Kh8 37. Rc8 Ra8 38. Rxf8+ Rxf8 39. d6 h6 40. d7 Kh7 41. Qxe5 h5 42. Qxh5+)
36. Qf5+ {[%eval 32712,0]} Qf6 {[%eval 32700,0]} 37. Rc7+ {[%eval 32692,0]} Kg8
{[%eval 956,0]} 38. Qc8+ {[%eval 32708,0]} Qf8 {[%eval 1063,0]} 39. Qe6+ {
[%eval 978,0]} Kh8 {[%eval 882,0]} 40. Rc8 {[%eval 754,0]} 1-0

[Event "37th Reykjavik op"]
[Site "Reykjavik ISL"]
[Date "2024.03.17"]
[Round "4.27"]
[White "Jorgen, Eriksson"]
[Black "Wong-Godfrey, Emerson P"]
[WhiteElo "2154"]
[BlackElo "1799"]
[Result "1/2-1/2"]
[EventDate "2024.03.15"]
[PlyCount "82"]

1. d4 {[%eval 15,0]} Nf6 {[%eval 16,0]} 2. Bg5 {[%eval 0,0]} e6 {[%eval 4,0]}
3. Nd2 {[%eval 0,0]} Be7 {[%eval 48,0]} 4. e3 {[%eval 1,0]} d5 {[%eval 1,0]} 5.
Bd3 {[%eval 9,0]} h6 {[%eval 21,0]} 6. Bh4 {[%eval 12,0]} Nbd7 {[%eval 26,0]}
7. Ngf3 {[%eval 1,0]} O-O {[%eval 17,0]} 8. O-O {[%eval 12,0]} b6 {[%eval 16,0]
} 9. Qe2 {[%eval 7,0]} Bb7 {[%eval 0,0]} 10. a4 {[%eval 1,0]} Ne4 {[%eval 5,0]}
11. Bxe7 {[%eval 7,0]} Qxe7 {[%eval 5,0]} 12. a5 {[%eval 6,0]} c5 {[%eval 0,0]}
13. Bb5 {[%eval 5,0]} Nxd2 {[%eval 11,0]} 14. Qxd2 {[%eval 14,0]} Rac8 {
[%eval 21,0]} 15. axb6 {[%eval 24,0]} axb6 {[%eval 21,0]} 16. Ra7 {[%eval 16,0]
} Rc7 {[%eval 39,0]} 17. Rfa1 {[%eval 18,0]} Rfc8 {[%eval 37,0]} 18. c3 {
[%eval 21,0]} Nb8 {[%eval 2,0]} 19. Qe2 {[%eval 29,0]} c4 {[%eval 27,0]} 20.
R7a2 {[%eval 22,0]} Nc6 {[%eval 54,0]} 21. Bxc6 {[%eval 51,0]} Bxc6 {[%eval 55,
0]} 22. Ne1 {[%eval 57,0]} Rb8 {[%eval 56,0]} 23. Nc2 {[%eval 41,0]} Rbb7 $6 {
[%eval 101,0] Inaccuracy. Rcc8 was best.} (23... Rcc8 24. Qg4 Ra8 25. Qf4 Rxa2
26. Rxa2 Rd8 27. Nb4 Qb7 28. Qe5 Kh7 29. h3 Bb5 30. Ra3) 24. Nb4 {[%eval 62,0]}
Be8 {[%eval 58,0]} 25. e4 {[%eval 48,0]} dxe4 {[%eval 4,0]} 26. Qxe4 {[%eval
33,0]} Ra7 {[%eval 41,0]} 27. Qb1 {[%eval 25,0]} Bb5 {[%eval 3,0]} 28. h3 {
[%eval 25,0]} Qd7 {[%eval 28,0]} 29. Rxa7 {[%eval 14,0]} Rxa7 {[%eval 2,0]} 30.
Rxa7 {[%eval 21,0]} Qxa7 {[%eval 21,0]} 31. Qd1 {[%eval 23,0]} Qa4 {[%eval 17,
0]} 32. Qd2 {[%eval 11,0]} Bc6 {[%eval 11,0]} 33. Qe2 {[%eval 4,0]} Bd5 {
[%eval 7,0]} 34. Kh2 {[%eval 3,0]} Qa8 {[%eval 3,0]} 35. f3 {[%eval 6,0]} Qb8+
{[%eval 19,0]} 36. Kg1 {[%eval 0,0]} Qf4 {[%eval 0,0]} 37. Kf2 {[%eval 0,0]}
Qh4+ {[%eval 0,0]} 38. Kg1 {[%eval 0,0]} Qf4 {[%eval 0,0]} 39. Kf2 {[%eval 2,0]
} h5 {[%eval 0,0]} 40. Qe3 {[%eval 6,0]} Qh4+ {[%eval 7,0]} 41. Kf1 {[%eval 0,
0]} Qf6 {[%eval 2,0]} 1/2-1/2

[Event "37th Reykjavik op"]
[Site "Reykjavik ISL"]
[Date "2024.03.17"]
[Round "4.28"]
[White "Duong, Thanh Nha"]
[Black "Jaroszewicz, Dawid"]
[WhiteElo "2144"]
[BlackElo "1757"]
[Result "1-0"]
[EventDate "2024.03.15"]
[PlyCount "103"]

1. c4 {[%eval 16,0]} Nf6 {[%eval 21,0]} 2. Nf3 {[%eval 22,0]} e6 {[%eval 22,0]}
3. g3 {[%eval 13,0]} d5 {[%eval 19,0]} 4. d4 {[%eval 7,0]} c5 $6 {[%eval 62,0]
Inaccuracy. Bb4+ was best.} (4... Bb4+ 5. Bd2 Be7 6. Bg2 O-O 7. Qc2 c6 8. O-O
b6 9. Nc3) 5. cxd5 {[%eval 21,0]} exd5 {[%eval 63,0]} 6. Bg2 {[%eval 26,0]} Nc6
{[%eval 59,0]} 7. O-O {[%eval 51,0]} Be7 {[%eval 44,0]} 8. dxc5 {[%eval 32,0]}
Bxc5 {[%eval 35,0]} 9. a3 {[%eval 29,0]} Ne4 {[%eval 35,0]} 10. b4 {[%eval 31,
0]} Be7 {[%eval 28,0]} 11. Bb2 {[%eval 27,0]} Bf6 {[%eval 25,0]} 12. Ra2 {
[%eval 0,0]} O-O {[%eval 0,0]} 13. Bxf6 {[%eval 7,0]} Qxf6 {[%eval 7,0]} 14.
Rc2 {[%eval 5,0]} Be6 {[%eval 5,0]} 15. b5 {[%eval 0,0]} Ne5 {[%eval 5,0]} 16.
Nbd2 {[%eval 0,0]} Rac8 {[%eval 7,0]} 17. Nxe5 {[%eval 2,0]} Qxe5 {[%eval 0,0]}
18. Nf3 {[%eval 0,0]} Qd6 {[%eval 0,0]} 19. Rxc8 {[%eval 0,0]} Rxc8 {[%eval 1,
0]} 20. Nd4 {[%eval 0,0]} Bd7 {[%eval 1,0]} 21. a4 $6 {[%eval 6,0] Inaccuracy.
Bxe4 was best.} (21. Bxe4 dxe4 22. Nc6 Qe6 23. Nxa7 Rc5 24. Qd2 Rd5 25. Qe3 h6
26. h4 g5 27. h5 Qg4) 21... Rc4 $6 {[%eval 1,0] Inaccuracy. Nc3 was best.} (
21... Nc3 22. Qd2 Qa3 23. e3 Rc7 24. a5 Qxa5 25. Bxd5 a6 26. e4 Qb4 27. Qg5
Nxd5 28. Qxd5) 22. Bxe4 {[%eval 12,0]} dxe4 {[%eval 12,0]} 23. Nc6 {[%eval 2,0]
} Qxd1 {[%eval 1,0]} 24. Rxd1 {[%eval 1,0]} Be8 {[%eval 3,0]} 25. Rd8 {[%eval
0,0]} Kf8 {[%eval 0,0]} 26. Nxa7 {[%eval 0,0]} Rxa4 {[%eval 0,0]} 27. Nc8 {
[%eval 0,0]} Rb4 {[%eval 1,0]} 28. g4 {[%eval 0,0]} f6 {[%eval 0,0]} 29. b6 {
[%eval 6,0]} Kf7 {[%eval 0,0]} 30. e3 {[%eval 4,0]} g5 {[%eval 0,0]} 31. Kg2 {
[%eval 0,0]} Bc6 {[%eval 0,0]} 32. Rd1 {[%eval 0,0]} Rb3 {[%eval 0,0]} 33. Kg3
{[%eval 0,0]} Rb2 {[%eval 0,0]} 34. h3 {[%eval 0,0]} h6 {[%eval 0,0]} 35. Rd4 {
[%eval 0,0]} Ke6 {[%eval 0,0]} 36. Rd6+ {[%eval 0,0]} Ke5 {[%eval 0,0]} 37. Rd8
{[%eval 0,0]} Ke6 {[%eval 0,0]} 38. Rd1 {[%eval 0,0]} Rb3 {[%eval 0,0]} 39. h4
{[%eval 0,0]} Rd3 {[%eval 0,0]} 40. Rb1 {[%eval 0,0]} Rd2 {[%eval 0,0]} 41. h5
{[%eval 0,0]} Rd5 {[%eval 0,0]} 42. Na7 {[%eval 7,0]} Kd7 {[%eval 32,0]} 43.
Rb4 {[%eval 31,0]} Re5 {[%eval 36,0]} 44. Rd4+ {[%eval 52,0]} Bd5 $4 {[%eval
205,0] Blunder. Rd5 was best.} (44... Rd5) 45. Nb5 $4 {[%eval 26,0] Blunder.
f4 was best.} (45. f4) 45... Kc6 {[%eval 33,0]} 46. Nc3 {[%eval 38,0]} Kc5 $4 {
[%eval 316,0] Blunder. f5 was best.} (46... f5) 47. Nxd5 {[%eval 283,0]} Rxd5 {
[%eval 300,0]} 48. Rxe4 {[%eval 293,0]} Kxb6 $6 {[%eval 403,0] Inaccuracy. Rd6
was best.} (48... Rd6 49. Re7 Kxb6 50. Rh7 Kc6 51. Rxh6 b5 52. Rg6 b4 53. h6 b3
54. h7 b2 55. h8=Q) 49. Re6+ {[%eval 402,0]} Ka7 {[%eval 481,0]} 50. Rxf6 {
[%eval 508,0]} b5 {[%eval 493,0]} 51. Rxh6 {[%eval 492,0]} b4 {[%eval 509,0]}
52. Rc6 {[%eval 501,0]} 1-0

[Event "37th Reykjavik op"]
[Site "Reykjavik ISL"]
[Date "2024.03.17"]
[Round "4.30"]
[White "Bergsson, Stefan"]
[Black "Klimkowski, Jan"]
[WhiteElo "2144"]
[BlackElo "2532"]
[Result "1-0"]
[EventDate "2024.03.15"]
[PlyCount "79"]

1. e4 {[%eval 13,0]} c5 {[%eval 33,0]} 2. Nf3 {[%eval 22,0]} d6 {[%eval 0,0]}
3. d4 {[%eval 18,0]} cxd4 {[%eval 13,0]} 4. Nxd4 {[%eval 27,0]} Nf6 {[%eval 3,
0]} 5. Nc3 {[%eval 21,0]} a6 {[%eval 24,0]} 6. a3 {[%eval 0,0]} Nc6 {[%eval 13,
0]} 7. Bc4 {[%eval 1,0]} e6 {[%eval 25,0]} 8. Ba2 {[%eval 11,0]} Be7 {[%eval 8,
0]} 9. Be3 {[%eval 4,0]} O-O {[%eval 7,0]} 10. O-O {[%eval 7,0]} Bd7 {[%eval 1,
0]} 11. f4 {[%eval 9,0]} Rc8 {[%eval 1,0]} 12. Qe2 {[%eval 7,0]} Qa5 {[%eval
17,0]} 13. f5 {[%eval 9,0]} Nxd4 {[%eval 3,0]} 14. Bxd4 {[%eval 7,0]} Kh8 {
[%eval 37,0]} 15. Rad1 {[%eval 39,0]} e5 {[%eval 6,0]} 16. Bf2 {[%eval 6,0]}
Rxc3 {[%eval 54,0]} 17. bxc3 {[%eval 52,0]} Qxa3 {[%eval 52,0]} 18. Bb3 {
[%eval 41,0]} Bb5 {[%eval 67,0]} 19. c4 {[%eval 66,0]} Bc6 {[%eval 95,0]} 20.
Bh4 {[%eval 65,0]} Bd8 {[%eval 7,0]} 21. Bxf6 {[%eval 86,0]} Bxf6 {[%eval 78,0]
} 22. Qe3 $6 {[%eval 7,0] Inaccuracy. Kh1 was best.} (22. Kh1 Qc5 23. Ra1 Qd4
24. Rfe1 Bh4 25. g3 Bd8 26. Qd3 g6 27. Qxd4 exd4 28. Ba4 Ba5) 22... h6 {
[%eval 59,0]} 23. Rfe1 {[%eval 18,0]} Bh4 {[%eval 51,0]} 24. g3 {[%eval 55,0]}
Bg5 {[%eval 51,0]} 25. Qb6 $6 {[%eval 57,0] Inaccuracy. Qd3 was best.} (25. Qd3
Qc5+ 26. Kg2 g6 27. h4 Be7 28. Rf1 gxf5 29. Rxf5 Bd7 30. Rff1 Be6 31. Kh2 Rg8)
25... Bd8 $6 {[%eval 32,0] Inaccuracy. a5 was best.} (25... a5 26. Ra1) 26. Qe3
{[%eval 31,0]} Qb4 {[%eval 69,0]} 27. c5 {[%eval 65,0]} Bg5 {[%eval 68,0]} 28.
Qf2 {[%eval 73,0]} dxc5 {[%eval 76,0]} 29. Bd5 {[%eval 84,0]} Bxd5 {[%eval 71,
0]} 30. Rxd5 {[%eval 43,0]} a5 {[%eval 42,0]} 31. h4 {[%eval 35,0]} Be7 {
[%eval 87,0]} 32. c3 $6 {[%eval 27,0] Inaccuracy. Rd7 was best.} (32. Rd7 Re8)
32... Qxc3 {[%eval 35,0]} 33. Rd7 {[%eval 2,0]} Re8 {[%eval 12,0]} 34. Red1 {
[%eval 7,0]} Qb3 {[%eval 2,0]} 35. Kh2 {[%eval 0,0]} Bf6 {[%eval 54,0]} 36.
Qxc5 {[%eval 39,0]} Qf3 {[%eval 46,0]} 37. Qc4 {[%eval 53,0]} Rg8 $6 {[%eval
125,0] Inaccuracy. b5 was best.} (37... b5 38. Qd3) 38. R1d2 {[%eval 114,0]} b6
{[%eval 161,0]} 39. Qc6 $2 {[%eval 19,0] Mistake. Qd3 was best.} (39. Qd3 Qg4)
39... Qg4 {[%eval 42,0]} 40. Qc4 {[%eval 31,0]} 1-0

[Event "37th Reykjavik op"]
[Site "Reykjavik ISL"]
[Date "2024.03.17"]
[Round "4.31"]
[White "Yilmazyerli, Mert"]
[Black "Mueller, Magnus"]
[WhiteElo "2526"]
[BlackElo "2144"]
[Result "1-0"]
[EventDate "2024.03.15"]
[PlyCount "67"]

1. d4 {[%eval 15,0]} Nf6 {[%eval 16,0]} 2. c4 {[%eval 16,0]} c5 $6 {[%eval 93,
0] Inaccuracy. e6 was best.} (2... e6 3. Nf3 d5 4. Nc3 Bb4 5. cxd5 exd5 6. Bg5
h6 7. Bh4) 3. d5 {[%eval 65,0]} b5 {[%eval 83,0]} 4. Qc2 $6 {[%eval 0,0]
Inaccuracy. cxb5 was best.} (4. cxb5 a6 5. bxa6 e6 6. Nc3 exd5 7. Nxd5 Be7 8.
Nxe7 Qxe7) 4... b4 {[%eval 12,0]} 5. a3 {[%eval 13,0]} e5 $6 {[%eval 7,0]
Inaccuracy. a5 was best.} (5... a5 6. e4 d6 7. Ne2 g6 8. Ng3 Bg7 9. h3 Nbd7 10.
Bd3) 6. Nf3 {[%eval 56,0]} e4 {[%eval 72,0]} 7. Ng5 {[%eval 45,0]} b3 {[%eval
58,0]} 8. Qxb3 {[%eval 72,0]} h6 {[%eval 78,0]} 9. Nh3 {[%eval 73,0]} d6 {
[%eval 73,0]} 10. f4 {[%eval 78,0]} Ng4 {[%eval 129,0]} 11. Nc3 $2 {[%eval 18,
0] Mistake. e3 was best.} (11. e3 Nd7 12. Nc3 f5 13. Qc2 Kf7 14. g3 Be7 15. Be2
Ndf6 16. Bd2 Bd7 17. Ng1 h5) 11... f5 $2 {[%eval 135,0] Mistake. e3 was best.}
(11... e3 12. g3 g6 13. Bg2 Bg7 14. Nd1 Qa5+ 15. Kf1 Na6 16. Bxe3 Rb8 17. Qd3
Bf5 18. Qd2) 12. Nd1 {[%eval 98,0]} Nd7 {[%eval 94,0]} 13. Nhf2 $6 {[%eval 32,
0] Inaccuracy. e3 was best.} (13. e3 g6 14. Qc2 Bg7 15. Be2 Qh4+ 16. Ndf2 Nxf2
17. Nxf2 a5 18. O-O Qe7 19. Nd1 g5) 13... Ngf6 $6 {[%eval 103,0] Inaccuracy.
Nxf2 was best.} (13... Nxf2 14. Nxf2) 14. Ne3 {[%eval 9,0]} Nb6 {[%eval 102,0]}
15. Bd2 {[%eval 82,0]} g5 {[%eval 79,0]} 16. g3 {[%eval 81,0]} Rg8 {[%eval 107,
0]} 17. Bh3 {[%eval 101,0]} g4 {[%eval 87,0]} 18. Bf1 {[%eval 89,0]} Bg7 {
[%eval 98,0]} 19. Bc3 {[%eval 79,0]} Bd7 {[%eval 63,0]} 20. Qc2 {[%eval 66,0]}
Qe7 {[%eval 99,0]} 21. b3 {[%eval 89,0]} a5 {[%eval 87,0]} 22. Rb1 {[%eval 78,
0]} h5 {[%eval 79,0]} 23. h4 {[%eval 77,0]} Kf7 {[%eval 85,0]} 24. Qd2 {
[%eval 84,0]} a4 {[%eval 138,0]} 25. b4 {[%eval 135,0]} cxb4 {[%eval 173,0]}
26. Rxb4 {[%eval 181,0]} Rab8 {[%eval 195,0]} 27. Bg2 {[%eval 178,0]} Bh6 $2 {
[%eval 342,0] Mistake. Rgc8 was best.} (27... Rgc8 28. Bd4 Na8 29. O-O Nc7 30.
Rfb1 Qd8 31. Rb7 Rxb7 32. Rxb7 Rb8 33. Ra7 Nfe8 34. Bxg7) 28. Qb2 {[%eval 355,
0]} Qd8 {[%eval 347,0]} 29. Bd4 $6 {[%eval 243,0] Inaccuracy. O-O was best.} (
29. O-O Na8 30. Rxb8 Qxb8 31. Bxf6 Qxb2 32. Bxb2 Rb8 33. Bd4 Bg7 34. Bxg7 Kxg7
35. Ra1 Rb3) 29... Nxc4 $2 {[%eval 399,0] Mistake. Bg7 was best.} (29... Bg7
30. O-O Na8 31. Rb1 Rxb4 32. Qxb4 Qc7 33. Qb2 Kg6 34. Kh2 Rc8 35. c5 dxc5 36.
Be5) 30. Nxc4 {[%eval 402,0]} Nxd5 {[%eval 459,0]} 31. Nxd6+ {[%eval 405,0]}
Ke6 $6 {[%eval 579,0] Inaccuracy. Kg6 was best.} (31... Kg6 32. Rxb8 Qxb8 33.
Qxb8 Rxb8 34. Nfxe4 Bf8 35. Nc4 Nb4 36. Ne5+ Kh6 37. Nxd7 Nc2+ 38. Kf2) 32. Nb7
$6 {[%eval 413,0] Inaccuracy. Nxf5 was best.} (32. Nxf5 Rxb4 33. axb4 Bf8 34.
Nxe4 Bc6 35. O-O Nxb4 36. Ne3 Kf7 37. Rd1 Bxe4 38. Bxe4 Bg7) 32... Rxb7 {
[%eval 511,0]} 33. Rxb7 {[%eval 501,0]} Qa5+ {[%eval 498,0]} 34. Qd2 1-0

[Event "37th Reykjavik op"]
[Site "Reykjavik ISL"]
[Date "2024.03.17"]
[Round "4.32"]
[White "George Samir, David"]
[Black "Goekerkan, Cem Kaan"]
[WhiteElo "2130"]
[BlackElo "2523"]
[Result "0-1"]
[EventDate "2024.03.15"]
[PlyCount "78"]

1. e4 {[%eval 13,0]} c6 {[%eval 24,0]} 2. d4 {[%eval 28,0]} d5 {[%eval 31,0]}
3. e5 {[%eval 19,0]} c5 {[%eval 32,0]} 4. Nf3 {[%eval 33,0]} Nc6 {[%eval 33,0]}
5. dxc5 {[%eval 15,0]} Bg4 {[%eval 62,0]} 6. Bb5 {[%eval 29,0]} Qa5+ {[%eval
32,0]} 7. Nc3 {[%eval 33,0]} e6 {[%eval 0,0]} 8. Be3 {[%eval 14,0]} Nge7 {
[%eval 4,0]} 9. h3 {[%eval 46,0]} Bxf3 {[%eval 44,0]} 10. Qxf3 {[%eval 41,0]}
a6 {[%eval 44,0]} 11. Ba4 $6 {[%eval -51,0] Inaccuracy. Bxc6+ was best.} (11.
Bxc6+) 11... O-O-O {[%eval -28,0]} 12. Bd2 {[%eval -32,0]} Nxe5 {[%eval -29,0]}
13. Qe2 {[%eval -23,0]} Nc4 {[%eval -37,0]} 14. O-O-O {[%eval -186,0]} Nxd2 {
[%eval -191,0]} 15. Rxd2 {[%eval -185,0]} g6 {[%eval -186,0]} 16. Kb1 {[%eval
-134,0]} Bh6 {[%eval -197,0]} 17. Rd3 {[%eval -172,0]} d4 {[%eval -175,0]} 18.
Qe5 {[%eval -164,0]} Nf5 $2 {[%eval 82,0] Mistake. dxc3 was best.} (18... dxc3
19. Bd7+ Rxd7 20. Qxh8+ Qd8 21. Qxc3 Rxd3 22. Qxd3 Qxd3 23. cxd3 Bg7 24. a3 Bd4
25. b4) 19. Bd7+ {[%eval 43,0]} Rxd7 {[%eval 59,0]} 20. Qxh8+ {[%eval 75,0]}
Rd8 {[%eval 7,0]} 21. Qf6 {[%eval 38,0]} dxc3 {[%eval 64,0]} 22. Rhd1 $6 {
[%eval -97,0] Inaccuracy. Rxd8+ was best.} (22. Rxd8+ Qxd8 23. Qxf7 Qe7 24.
Qxe7 Nxe7 25. Re1 Kd7 26. Re4 cxb2 27. Kxb2 Bg7+ 28. Kb3 Nd5) 22... Rf8 {
[%eval -75,0]} 23. Qxc3 {[%eval -75,0]} Qxc3 {[%eval -57,0]} 24. Rxc3 {[%eval
-65,0]} Ne7 {[%eval -62,0]} 25. Rcd3 {[%eval -58,0]} Nc6 {[%eval -85,0]} 26. g3
{[%eval -94,0]} e5 {[%eval -69,0]} 27. c3 {[%eval -33,0]} e4 {[%eval -37,0]}
28. Rd5 {[%eval -43,0]} Re8 {[%eval -41,0]} 29. Rd7 {[%eval -189,0]} Ne5 {
[%eval -198,0]} 30. R7d5 {[%eval -12,0]} f5 {[%eval -193,0]} 31. Re1 {[%eval
-184,0]} Kc7 {[%eval -91,0]} 32. b3 $2 {[%eval -235,0] Mistake. b4 was best.} (
32. b4 Re7 33. Kb2 Bg5 34. Kc2 Bf6 35. a4 Nd3 36. Rf1 f4 37. gxf4 Nxf4 38. Rd6
Be5) 32... Kc6 {[%eval -218,0]} 33. Red1 {[%eval -217,0]} Bf8 {[%eval -272,0]}
34. b4 {[%eval -271,0]} Nd3 {[%eval -273,0]} 35. c4 $6 {[%eval -495,0]
Inaccuracy. R5xd3 was best.} (35. R5xd3 exd3 36. Rxd3 Re2 37. f4 Kc7 38. a3 a5
39. h4 Be7 40. Kc1 Bf6 41. h5 gxh5) 35... Nxb4 {[%eval -483,0]} 36. Rd7 {
[%eval -478,0]} Bxc5 {[%eval -478,0]} 37. Rxh7 {[%eval -461,0]} Nd3 {[%eval
-491,0]} 38. Rh6 {[%eval -465,0]} Re6 {[%eval -472,0]} 39. h4 {[%eval -442,0]}
Nxf2 {[%eval -433,0]} 0-1

[Event "37th Reykjavik op"]
[Site "Reykjavik ISL"]
[Date "2024.03.17"]
[Round "4.33"]
[White "Stefansson, Hannes"]
[Black "Stanford, Sheila Barth"]
[WhiteElo "2481"]
[BlackElo "2123"]
[Result "1-0"]
[EventDate "2024.03.15"]
[PlyCount "55"]

1. e4 {[%eval 13,0]} c5 {[%eval 33,0]} 2. Nf3 {[%eval 22,0]} d6 {[%eval 0,0]}
3. d4 {[%eval 18,0]} cxd4 {[%eval 13,0]} 4. Nxd4 {[%eval 27,0]} Nf6 {[%eval 3,
0]} 5. Nc3 {[%eval 21,0]} a6 {[%eval 24,0]} 6. h3 {[%eval 1,0]} e5 {[%eval 5,0]
} 7. Nf3 {[%eval 0,0]} Be7 {[%eval 23,0]} 8. g4 {[%eval 13,0]} h6 {[%eval 14,0]
} 9. Rg1 {[%eval 8,0]} b5 {[%eval 6,0]} 10. g5 {[%eval 1,0]} hxg5 {[%eval 11,0]
} 11. Nxg5 {[%eval 9,0]} Bb7 {[%eval 3,0]} 12. Qf3 {[%eval 27,0]} Nc6 {[%eval
12,0]} 13. Be3 {[%eval 19,0]} Nd4 {[%eval 2,0]} 14. Qd1 $6 {[%eval -92,0]
Inaccuracy. Bxd4 was best.} (14. Bxd4 exd4) 14... d5 {[%eval -97,0]} 15. Nxd5 {
[%eval 94,0]} Nxd5 {[%eval 83,0]} 16. exd5 {[%eval 87,0]} Bxd5 {[%eval 92,0]}
17. Bxd4 {[%eval -99,0]} exd4 {[%eval -86,0]} 18. Qxd4 {[%eval -85,0]} Qa5+ {
[%eval -93,0]} 19. c3 {[%eval -91,0]} O-O-O {[%eval -98,0]} 20. Be2 {[%eval
-81,0]} Qc7 {[%eval -55,0]} 21. a4 {[%eval -14,0]} Bf6 $2 {[%eval 32,0]
Mistake. Rhe8 was best.} (21... Rhe8 22. Qg4+ Kb8 23. Rd1 Qe5 24. f4 Qc7 25.
Rg3 bxa4 26. Rgd3 Qb7 27. Nf3) 22. Qg4+ {[%eval 44,0]} Kb8 {[%eval 26,0]} 23.
Kf1 $6 {[%eval -100,0] Inaccuracy. Rg3 was best.} (23. Rg3 Rhe8) 23... Rhe8 {
[%eval 86,0]} 24. Rg3 $6 {[%eval -8,0] Inaccuracy. h4 was best.} (24. h4 Rxe2)
24... Rxe2 $2 {[%eval 51,0] Mistake. Re5 was best.} (24... Re5 25. Nh7 Rxe2 26.
Nxf6 Bc4 27. Kg1 gxf6 28. b3 f5 29. Qf3 Bd3 30. Rd1 f4 31. Rg5) 25. Kxe2 {
[%eval 5,0]} Bc4+ {[%eval 35,0]} 26. Ke1 {[%eval 43,0]} Qe5+ {[%eval 41,0]} 27.
Qe4 $4 {[%eval -285,0] Blunder. Ne4 was best.} (27. Ne4 Bg5 28. Re3 Bxe3 29.
fxe3 Rd3 30. Qg3 Qxg3+ 31. Nxg3 Rxe3+ 32. Kf2 Rd3 33. Ne4 Rxh3) 27... Bxg5 $4 {
[%eval 739,0] Blunder. Rd5 was best.} (27... Rd5) 28. Qxe5+ {[%eval 728,0]} 1-0

[Event "37th Reykjavik op"]
[Site "Reykjavik ISL"]
[Date "2024.03.17"]
[Round "4.34"]
[White "Hjartarson, Johann"]
[Black "Li, Harry"]
[WhiteElo "2460"]
[BlackElo "2107"]
[Result "1-0"]
[EventDate "2024.03.15"]
[PlyCount "59"]

1. e4 {[%eval 13,0]} e5 {[%eval 17,0]} 2. Nf3 {[%eval 21,0]} Nc6 {[%eval 13,0]}
3. Bb5 {[%eval 21,0]} a6 {[%eval 2,0]} 4. Ba4 {[%eval 31,0]} Nf6 {[%eval 14,0]}
5. O-O {[%eval 24,0]} b5 {[%eval 37,0]} 6. Bb3 {[%eval 27,0]} Bc5 {[%eval 32,0]
} 7. c3 {[%eval 32,0]} d6 {[%eval 28,0]} 8. d4 {[%eval 37,0]} Bb6 {[%eval 34,0]
} 9. a4 {[%eval 32,0]} Rb8 {[%eval 47,0]} 10. Be3 {[%eval 23,0]} O-O {[%eval
25,0]} 11. Re1 $6 {[%eval 49,0] Inaccuracy. h3 was best.} (11. h3 h6 12. Nbd2
Re8 13. Bc2 b4 14. Re1 bxc3 15. bxc3 Ba5 16. Ra3 exd4 17. cxd4 Bb4) 11... Re8
$6 {[%eval 19,0] Inaccuracy. Bg4 was best.} (11... Bg4 12. axb5) 12. Nbd2 {
[%eval 16,0]} h6 {[%eval 11,0]} 13. axb5 {[%eval 7,0]} axb5 {[%eval 8,0]} 14.
h3 {[%eval 16,0]} exd4 {[%eval 24,0]} 15. cxd4 {[%eval 15,0]} Nb4 {[%eval 14,0]
} 16. d5 {[%eval 1,0]} Nd3 {[%eval 4,0]} 17. Re2 {[%eval 8,0]} Nxb2 {[%eval 5,
0]} 18. Qc2 {[%eval 3,0]} Na4 {[%eval 5,0]} 19. Bxa4 {[%eval 1,0]} bxa4 {
[%eval 1,0]} 20. Rxa4 {[%eval 0,0]} Bd7 {[%eval 5,0]} 21. Ra3 {[%eval 2,0]}
Bxe3 {[%eval 26,0]} 22. Rexe3 {[%eval 39,0]} Rb4 $6 {[%eval 117,0] Inaccuracy.
Rb7 was best.} (22... Rb7 23. Ra2 Qb8 24. Rc3 Rc8 25. Nf1 Rb4 26. N3d2 Qb7 27.
Rca3 c6 28. Ra7 Qb5 29. Ra8) 23. Ra7 {[%eval 115,0]} Qb8 {[%eval 111,0]} 24.
Rxc7 {[%eval 116,0]} Ba4 {[%eval 143,0]} 25. Qc3 {[%eval 104,0]} Bd1 $4 {
[%eval 374,0] Blunder. Rb2 was best.} (25... Rb2 26. Rc4 Ra2 27. Rb4 Qa7 28.
Rb2 Ra1+ 29. Kh2 Bd7 30. Qb4 Rc1 31. Rbb3 Qa1 32. Rb1) 26. Nh4 {[%eval 351,0]}
Rb2 {[%eval 377,0]} 27. Rg3 {[%eval 371,0]} Nh5 $6 {[%eval 514,0] Inaccuracy.
Bg4 was best.} (27... Bg4 28. Rc4 Qb5 29. Nhf3 h5 30. hxg4 hxg4 31. Nd4 Qb6 32.
Re3 Qb7 33. N4b3 Ra2 34. Qd4) 28. Nf5 {[%eval 494,0]} Rc2 $4 {[%eval 32760,0]
Checkmate is now unavoidable. Re5 was best.} (28... Re5 29. Rc8+ Kh7 30. Rxb8
Rxb8 31. Nxd6 f6 32. Rxg7+ Nxg7 33. f4 Re7 34. Qxf6 Ra7 35. Nf5) 29. Rxg7+ {
[%eval 32762,0]} Kh8 {[%eval 32762,0]} 30. Qe3 {[%eval 32760,0]} 1-0